Una civilización incivilizada : el imperio de la violencia en el mundo globalizado /
En esta obra se analiza la violencia que se vive como resultado de la cultura de masas. El autor afirma que la sociedad de masas, lejos de representar un proceso evolutivo hacia una estructura social superior, es un salto del tigre hacia el pasado del que surgen etnias inventadas y fundamentalismo o...
Guardado en:
| Autor principal: | |
|---|---|
| Formato: | Libro |
| Idioma: | Español |
| Publicado: |
México:
Océano,
2005, c2005
|
| Colección: | (Para Estar en el Mundo)
(Con una Cierta Mirada) |
| Temas: | |
| Etiquetas: |
Sin etiquetas, Sé el primero en etiquetar este registro!
|
MARC
| LEADER | 00000nam^a2200000^a^4500 | ||
|---|---|---|---|
| 001 | 000181696 | ||
| 005 | 20250521000000.0 | ||
| 009 | 20260310101939.598 | ||
| 020 | |a 970-651-938-6 | ||
| 037 | |a Acervo ITESO - Biblioteca | ||
| 041 | |a ESP | ||
| 082 | |a 303. 6 |b KUR | ||
| 100 | |a Kurnitzky, Horst |e (autor) | ||
| 245 | 1 | 4 | |a Una civilización incivilizada : |b el imperio de la violencia en el mundo globalizado / |c H. Kurnitzky ; tr. por Gonzalo María Vélez Espinosa. |
| 264 | 4 | |a México: |b Océano, |c 2005, c2005 | |
| 300 | |a 249 p. | ||
| 336 | |a texto |b txt |2 rdacontenido | ||
| 337 | |a sin mediación |b n |2 rdamedio | ||
| 338 | |a volumen |b nc |2 rdasoporte | ||
| 440 | 1 | |a (Para Estar en el Mundo) | |
| 440 | 1 | |a (Con una Cierta Mirada) | |
| 500 | |a Traducción de: Die Unzivilisierte Zivilisation wie die Gesellschaft Ihre Zukuknft Verspielt | ||
| 520 | |a En esta obra se analiza la violencia que se vive como resultado de la cultura de masas. El autor afirma que la sociedad de masas, lejos de representar un proceso evolutivo hacia una estructura social superior, es un salto del tigre hacia el pasado del que surgen etnias inventadas y fundamentalismo opresivos. | ||
| 649 | |a XX | ||
| 650 | |a Violencia - |x Aspectos Sociales y Culturales - |x Tema Principal | ||
| 650 | |a Autoritarismo | ||
| 650 | |a Fundamentalismo Religioso | ||
| 650 | |a Fundamentalismo Político | ||
| 650 | |a Etnocentrismo | ||
| 650 | |a Diferencia y Otredad | ||
| 650 | |a Diversidad Cultural | ||
| 650 | |a Igualdad y Desigualdad - |x Tema Principal | ||
| 650 | |a Miedo | ||
| 650 | |a Agresividad | ||
| 650 | |a Discriminación | ||
| 650 | |a Racismo | ||
| 650 | |a Migración | ||
| 650 | |a Pensamiento Mágico | ||
| 650 | |a Grupos Sociales | ||
| 650 | |a Identidad Personal | ||
| 650 | |a Tecnologías de Comunicación e Información | ||
| 650 | |a Medios de Comunicación y Problemas Sociales | ||
| 650 | |a Cambios Sociales y Culturales | ||
| 650 | |a Conflicto Social - |x Tema Principal | ||
| 650 | |a Problemas Sociales | ||
| 650 | |a Guerra y Paz | ||
| 650 | |a Presión Social | ||
| 650 | |a Estabilidad Política | ||
| 650 | |a Consumismo | ||
| 650 | |a Ahorro | ||
| 650 | |a Distribución del Ingreso | ||
| 650 | |a Distribución Económica | ||
| 650 | |a Apertura Comercial e Integración Económica | ||
| 650 | |a Capitalismo | ||
| 650 | |a Economía Internacional | ||
| 650 | |a Globalización | ||
| 650 | |a Interés Propio | ||
| 650 | |a Interés Público | ||
| 650 | |a Intereses Colectivos (Derecho) | ||
| 650 | |a Cultura de Masas - |x Tema Principal | ||
| 650 | |a Sociedad Postindustrial | ||
| 650 | |a Sociología Política | ||
| 650 | |a Sociología de la Cultura | ||
| 910 | |a Fondo General | ||
| 920 | |a Impresos - Libros | ||
| 930 | |a Colección General | ||
| 905 | |a 101 | ||
| 901 | |a 0500121421 |b IT1 |c ACC |u 20250521 | ||
| 902 | |a https://opac.biblio.iteso.mx/vufind/Record/000181696 | ||